00558nmm a2200181Ia 4500008004100000020001500041041000800056100003100064245005700095264004500152300001700197650002700214700003100241700003000272856005000302942000700352999001700359251105s9999||||xx |||||||||||||||||und|| a8484295427 aspa aMartín Peña, Francisco 0aModelos básicos de costes: full cost y direct cost a[Madrid, España] :bUOC Papers, c2002 a50 páginas aEconomics and Business aMartín Peña, Francisco1 a Rocafort Nicolau, Alfred uhttps://public.digitaliapublishing.com/a/5708 cCF c68428d68428